000 003110000a22001330004500
003 MACL
040 _aMACL
090 _c39625
_d39623
100 _aBoissier, Gaston
245 _aTacitus and other Roman Studies
260 _bArchibald Constable & Co Ltd
_c1906
650 _aLiterature
942 _cBOOK
_k800/BOI
999 _c39193
_d39193